|
|
|
|
| LEADER |
00584nam a22001691a 4500 |
| 020 |
|
|
|a 9788186700211
|
| 082 |
|
|
|a H 181.44
|b SAS/V
|
| 100 |
|
|
|a Shasiprabha Kumar
|9 179154
|
| 245 |
|
|
|a Vaisesikadarsan- parisilan/
|c by Shasiprabha Kumar
|
| 260 |
|
|
|a Delhi:
|b Vidhyanidhi,
|c 2001.
|
| 300 |
|
|
|a 136p.
|
| 600 |
|
|
|a
|9 179155
|
| 650 |
|
|
|a Vaiseshika Philosophy
|9 179156
|
| 650 |
|
|
|a Philosophy
|9 179157
|
| 942 |
|
|
|c BK
|
| 999 |
|
|
|c 48821
|d 48821
|
| 952 |
|
|
|0 0
|1 0
|4 0
|6 H_181_440000000000000_SAS_V
|7 0
|9 70679
|a SSUS
|b SSUS
|d 2015-01-08
|g 50.00
|l 3
|o H 181.44 SAS/V
|p 037998
|r 2019-12-20
|s 2019-11-06
|v 0.00
|w 2015-01-08
|y BK
|